[Event "CHI-ch sf"]
[Site "Quilpue"]
[Date "2018.01.19"]
[Round "3"]
[White "Olivares Olivares, Claudio"]
[Black "Bustamante Cruz, Cristian"]
[Result "1-0"]
[WhiteElo "2354"]
[BlackElo "1694"]
[PlyCount "67"]
[EventDate "2018.01.18"]
[EventType "swiss"]
[EventRounds "8"]
[EventCountry "CHI"]
[SourceTitle "CBM 182 Extra"]
[Source "ChessBase"]
[SourceDate "2018.02.23"]
[SourceVersion "1"]
[SourceVersionDate "2018.02.23"]
[SourceQuality "1"]

1. e4 c5 2. Nf3 d6 3. d4 cxd4 4. Nxd4 Nf6 5. Nc3 g6 6. Be3 Bg7 7. f3 0-0 8. Qd2 Nc6 9. Bc4 Bd7 10. 0-0-0 Rb8 11. Bb3 Na5 12. Kb1 b5 13. h4 Nc4 14. Bxc4 bxc4 15. Ka1 Qb6 16. Rb1 Qa5 17. h5 Rb6 18. Bh6 Bh8 19. Bxf8 Kxf8 20. hxg6 fxg6 21. g4 g5 22. a3 Qc5 23. Nf5 Ra6 24. Ka2 Be6 25. Qxg5 d5 26. Qd2 dxe4 27. fxe4 Qa5 28. Rbd1 Ke8 29. Qd4 Qb6 30. Rxh7 Nxh7 31. Qxh8+ Nf8 32. Ng7+ Kf7 33. Nxe6 Nxe6 34. Rf1+ 1-0

[Event "Valparaiso op 1st"]
[Site "Valparaiso"]
[Date "2016.01.26"]
[Round "1"]
[White "Toledo Calzada, Monserrat"]
[Black "Bustamante Cruz, Cristian"]
[Result "0-1"]
[WhiteElo "928"]
[BlackElo "1500"]
[PlyCount "50"]
[EventDate "2016.01.26"]
[EventType "swiss"]
[EventRounds "6"]
[EventCountry "CHI"]
[SourceTitle "CBM 170 Extra"]
[Source "ChessBase"]
[SourceDate "2016.02.25"]
[SourceVersion "1"]
[SourceVersionDate "2016.02.25"]
[SourceQuality "1"]

1. d4 f5 2. Bf4 Nf6 3. Nf3 e6 4. e3 c6 5. Bd3 Be7 6. Nbd2 0-0 7. Qe2 d5 8. 0-0 Ne4 9. Rad1 Nd7 10. Bxe4 fxe4 11. Ne1 Qb6 12. b3 c5 13. c3 Qa5 14. c4 cxd4 15. Bg3 d3 16. Qg4 Nf6 17. Qh3 Bb4 18. Nb1 Qxa2 19. f3 d2 20. fxe4 dxe1Q 21. Bxe1 Bxe1 22. Rdxe1 Bd7 23. cxd5 exd5 24. Qh4 Nxe4 25. Qh5 Bc6 0-1